| 000 | 00576nam a2200193 i 4500 | ||
|---|---|---|---|
| 001 | 86485 | ||
| 003 | ES-MaACL | ||
| 007 | t| | ||
| 008 | 041213s1985 xxk ||||1| eng d | ||
| 020 | _a0-08-030726-4 | ||
| 100 | 1 |
_aKatritzky, Alan R. _967625 |
|
| 245 | 1 | 0 |
_aHandbook of heterocyclic chemistry / _cAlan R. Katritzky ; in collaboration with C.W. Bird ... [et al.]. |
| 250 | _a[1st ed.]. | ||
| 260 |
_aOxford, etc. : _bPergamon, _c1985. |
||
| 300 |
_aXXII, 542 p. ; _c28 cm. |
||
| 500 | _aIndice. | ||
| 700 | 1 |
_aBird, C. W. _928962 |
|
| 852 |
_aES-MaACL _jL-8899 _bR.110606 |
||
| 999 |
_c86485 _d86485 |
||